000 00314nam a22001457a 4500
008 210426b ||||| |||| 00| 0 eng d
020 _a9780759100459
041 _aeng
080 _a572
082 _a572
100 _a24
101 _aANT
245 _aParticipant Observation
_cDewalt,K.M
942 _2udc
_cBK
999 _c56780
_d56780